Lezioni di economia civile / (Record no. 154277)

MARC details
000 -LEADER
campo de control de longitud fija 01595nam a2200361 i 4500
001 - NÚMERO DE CONTROL
campo de control 154277
003 - IDENTIFICADOR DE NÚMERO DE CONTROL
campo de control ES-MaACL
005 - FECHA Y HORA DE LA ÚLTIMA TRANSACCIÓN
campo de control 20250724063418.0
008 - DATOS DE LONGITUD FIJA--INFORMACIÓN GENERAL
campo de control de longitud fija 931025s1852 it |||| | ita d
040 ## - FUENTE DE CATALOGACIÓN
Centro/agencia transcriptor ES-MaACL
100 1# - ENTRADA PRINCIPAL--NOMBRE DE PERSONA
Nombre de persona Genovesi, Antonio,
Fechas asociadas al nombre 1713-1769
Término indicativo de función/relación Autor
9 (RLIN) 56347
245 10 - MENCIÓN DEL TÍTULO
Título Lezioni di economia civile /
Mención de responsabilidad, etc. Antonio Genovesi. Meditazioni sull'economia politica / Pietro Verri. Elementi di economia publica / Cesare Beecaria. Delle leggi politiche ed economiche / Gaetano Filangieri. Dell'economia marionale / Gianmaria Ortes.
260 ## - PUBLICACIÓN, DISTRIBUCIÓN, ETC.
Lugar de publicación, distribución, etc. Torino :
Nombre del editor, distribuidor, etc. Cugini Pomba e Comp.,
Lugar de fabricación/manufactura 1852
Fabricante (Tip. Pons e comp.)
300 ## - DESCRIPCIÓN FÍSICA
Extensión LXX, 1181 páginas ;
Dimensiones 23 cm.
490 1# - MENCIÓN DE SERIE
Mención de serie Biblioteca del economista
530 ## - NOTA DISPONIBLE DE FORMULARIO FÍSICO ADICIONAL
Nota de formato físico adicional disponible Disponible en formato digital
650 #7 - PUNTO DE ACCESO ADICIONAL DE MATERIA--TÉRMINO DE MATERIA
Término de materia o nombre geográfico como elemento de entrada Economía
Fuente del encabezamiento o término embne
9 (RLIN) 12006
650 #4 - PUNTO DE ACCESO ADICIONAL DE MATERIA--TÉRMINO DE MATERIA
9 (RLIN) 224655
Término de materia o nombre geográfico como elemento de entrada Economía-
Subdivisión geográfica Italia
700 1# - ENTRADA AGREGADA--NOMBRE PERSONAL
Nombre de persona Verri, Pietro,
Fechas asociadas al nombre 1728-1797
Término indicativo de función/relación Colaborador
9 (RLIN) 114201
700 1# - ENTRADA AGREGADA--NOMBRE PERSONAL
Nombre de persona Beccaria, Cesare,
Títulos y otros términos asociados al nombre marchese di,
Fechas asociadas al nombre 1738-1794
Término indicativo de función/relación Colaborador
9 (RLIN) 26869
700 1# - ENTRADA AGREGADA--NOMBRE PERSONAL
Nombre de persona Filangieri, Gaetano,
Fechas asociadas al nombre 1752-1788
Término indicativo de función/relación Colaborador
9 (RLIN) 50821
700 1# - ENTRADA AGREGADA--NOMBRE PERSONAL
Nombre de persona Ortes, Giammaria,
Fechas asociadas al nombre 1713-1790
Término indicativo de función/relación Colaborador
9 (RLIN) 87519
740 02 - ENTRADA AGREGADA--TÍTULO RELACIONADO/ANALÍTICO NO CONTROLADO
Título relacionado o analítico no controlado Meditazioni sull'economia politica
740 02 - ENTRADA AGREGADA--TÍTULO RELACIONADO/ANALÍTICO NO CONTROLADO
Título relacionado o analítico no controlado Elementi di economia publica
740 02 - ENTRADA AGREGADA--TÍTULO RELACIONADO/ANALÍTICO NO CONTROLADO
Título relacionado o analítico no controlado Delle leggi politiche ed economiche
740 02 - ENTRADA AGREGADA--TÍTULO RELACIONADO/ANALÍTICO NO CONTROLADO
Título relacionado o analítico no controlado Dell'economia marionale
830 #0 - PUNTO DE ACCESO ADICIONAL DE SERIE-TÍTULO UNIFORME
Título uniforme Biblioteca dell economista
9 (RLIN) 188577
852 ## - LOCALIZACIÓN
Ubicación ES-MaACL
Ubicación en estantería Sala Pardo Bazán
Número de control de estantería B-8957
Encuadernación Holandesa
856 4# - LOCALIZACIÓN Y ACCESO ELECTRÓNICOS
Identificador Uniforme de Recursos <a href="https://patrimoniodigital.ucm.es/s/patrimonio/item/591882">https://patrimoniodigital.ucm.es/s/patrimonio/item/591882</a>
Texto de enlace Versión en línea
Nota pública (Patrimonio Digital Complutense)
942 ## - ELEMENTOS DE ENTRADA SECUNDARIOS (KOHA)
Tipo de ítem Koha Libro impreso antiguo
Suprimir en OPAC No
Holdings
Estatus retirado Estado de pérdida Fuente del sistema de clasificación o colocación Estado de daño No para préstamo Colección Biblioteca de origen Biblioteca actual Ubicación en estantería Fecha de adquisición Total de préstamos Signatura topográfica completa Código de barras Visto por última vez Tipo de ítem Koha
    Clasificación decimal universal     Libros del s. XIX Biblioteca del Ateneo de Madrid Biblioteca del Ateneo de Madrid Sala Pardo Bazán 17/01/2008   B-8957 1161327 23/02/2023 Libro impreso antiguo